[Event "FRA Team Ch"]
[Site "EPINAL"]
[Date "2002.02.01"]
[Round "1.9"]
[White "Muller, Anne"]
[Black "Mourot, Clara"]
[Result "1-0"]
[WhiteElo "2167"]
[BlackElo "2100"]
[PlyCount "65"]
[EventDate "2002.02.??"]
[WhiteTeam "Mulhouse"]
[BlackTeam "Nancy"]

1. e4 d5 2. exd5 Nf6 3. Nf3 Nxd5 4. d4 Nc6 5. c4 Nb6 6. d5 Nb8 7. Bd3 e6 8.
dxe6 Bxe6 9. O-O Be7 10. Qc2 Nc6 11. a3 Qd7 12. Rd1 O-O-O 13. Nc3 Qe8 14. b3
Bg4 15. Bf5+ Bxf5 16. Qxf5+ Kb8 17. Bf4 Bd6 18. Bxd6 cxd6 19. Nb5 Qe7 20. c5
dxc5 21. Qf4+ Kc8 22. Nd6+ Rxd6 23. Rxd6 Re8 24. Rdd1 Qc7 25. Qf5+ Kb8 26. Qxc5
Nd7 27. Qf5 Nf6 28. Rac1 Qb6 29. Qf4+ Ka8 30. Qc4 Ne4 31. Qc2 f5 32. Nd4 Rc8
33. Nxf5 1-0

[Event "FRA Team Ch"]
[Site "EPINAL"]
[Date "2002.02.01"]
[Round "1.1"]
[White "Varga, Peter"]
[Black "Akopian, Vladimir"]
[Result "0-1"]
[WhiteElo "2484"]
[BlackElo "2680"]
[PlyCount "98"]
[EventDate "2002.02.??"]
[WhiteTeam "Strasbourg"]
[BlackTeam "Vandoeuvre"]

1. d4 Nf6 2. c4 d6 3. Nc3 Nbd7 4. e4 e5 5. d5 Nc5 6. Qc2 a5 7. h3 Be7 8. Be3
O-O 9. Nf3 b6 10. g4 Bd7 11. O-O-O a4 12. Be2 a3 13. b3 Na6 14. Ne1 c6 15. dxc6
Bxc6 16. f3 Nd7 17. Qd2 Nac5 18. Nc2 Ne6 19. Nd5 Bxd5 20. cxd5 Nd4 21. Nxd4
exd4 22. Bxd4 Bf6 23. Kb1 Bxd4 24. Qxd4 Qg5 25. h4 Qf4 26. Qd2 Qg3 27. h5 Rfc8
28. h6 g6 29. Rhg1 Qh4 30. g5 f6 31. Rg4 Qh2 32. f4 Ra5 33. Rgg1 Rac5 34. Bg4
Rc1+ 35. Rxc1 Qxd2 36. Be6+ Kf8 37. Rxc8+ Ke7 38. gxf6+ Kxf6 39. Rc2 Qe3 40.
Rf1 Nc5 41. e5+ dxe5 42. fxe5+ Kxe5 43. Rd1 Ne4 44. Ka1 Nf2 45. Rf1 Qd4+ 46.
Kb1 Ne4 47. Re1 Kf6 48. Rg2 Nf2 49. Kc2 Qb2# 0-1

[Event "FRA Team Ch"]
[Site "EPINAL"]
[Date "2002.02.01"]
[Round "1.2"]
[White "Glek, Igor V"]
[Black "Kallai, Gabor"]
[Result "1-0"]
[WhiteElo "2601"]
[BlackElo "2549"]
[PlyCount "103"]
[EventDate "2002.02.??"]
[WhiteTeam "Vandoeuvre"]
[BlackTeam "Strasbourg"]

1. e4 c6 2. c4 d5 3. exd5 cxd5 4. cxd5 Nf6 5. Nc3 Nxd5 6. Nf3 e6 7. Bc4 Be7 8.
O-O O-O 9. Re1 Nc6 10. d4 a6 11. Bb3 Qd6 12. Nxd5 exd5 13. Ne5 Be6 14. Bf4 Nxe5
15. dxe5 Qb6 16. Be3 Bc5 17. Bxc5 Qxc5 18. Rc1 Qb6 19. Rc2 Rac8 20. Rd2 Rc5 21.
h3 h6 22. Kh2 Rfc8 23. Qf3 Qb4 24. Qe3 a5 25. Rd4 Qb6 26. Qd2 Qc7 27. f4 b5 28.
Re3 a4 29. Bxd5 Rc2 30. Qd1 Qb6 31. Be4 Rc1 32. Qd2 Bxa2 33. Rd6 Qc7 34. Red3
g6 35. f5 Qe7 36. Rd8+ Kh7 37. fxg6+ Kg7 38. gxf7 Rxd8 39. Rg3+ Kxf7 40. Qf4+
Ke8 41. Bg6+ Bf7 42. Bxf7+ Qxf7 43. Qxc1 Qd5 44. Qc7 Rd7 45. Qc8+ Rd8 46. Qf5
Qf7 47. Qe4 Rd5 48. Rg6 h5 49. Rf6 Qg8 50. Qf5 Ke7 51. Rg6 Qf7 52. Qg5+ 1-0

[Event "FRA Team Ch"]
[Site "EPINAL"]
[Date "2002.02.01"]
[Round "1.3"]
[White "Roos, Daniel"]
[Black "Renet, Olivier"]
[Result "1/2-1/2"]
[WhiteElo "2420"]
[BlackElo "2494"]
[PlyCount "64"]
[EventDate "2002.02.??"]
[WhiteTeam "Strasbourg"]
[BlackTeam "Vandoeuvre"]

1. Nf3 Nf6 2. g3 d5 3. Bg2 c6 4. c4 g6 5. b3 Bg7 6. Bb2 a5 7. O-O O-O 8. Nc3
Ne4 9. d4 Bf5 10. Nh4 Nxc3 11. Bxc3 Be6 12. Qd3 Nd7 13. cxd5 cxd5 14. Qb5 Qb6
15. Qxb6 Nxb6 16. e3 Rfc8 17. Rfc1 a4 18. Bb4 Bf6 19. Nf3 Bf5 20. Ne1 e6 21.
Bf1 e5 22. Nf3 exd4 23. Nxd4 Be4 24. Bh3 axb3 25. axb3 Rxc1+ 26. Rxc1 Bxd4 27.
exd4 f5 28. Bg2 Nd7 29. Re1 Nb8 30. Bc5 Nd7 31. Bb4 Nb8 32. Bc5 Nd7 1/2-1/2

[Event "FRA Team Ch"]
[Site "EPINAL"]
[Date "2002.02.01"]
[Round "1.4"]
[White "McShane, Luke J"]
[Black "Maier, Christian"]
[Result "1-0"]
[WhiteElo "2525"]
[BlackElo "2354"]
[PlyCount "99"]
[EventDate "2002.02.??"]
[WhiteTeam "Vandoeuvre"]
[BlackTeam "Strasbourg"]

1. e4 e6 2. d4 d5 3. Nd2 Nf6 4. e5 Nfd7 5. f4 c5 6. c3 Nc6 7. Ndf3 cxd4 8. cxd4
f6 9. Bd3 Bb4+ 10. Kf1 O-O 11. Qc2 fxe5 12. Bxh7+ Kh8 13. dxe5 Ndxe5 14. fxe5
Qh4 15. g3 Qxh7 16. Qxh7+ Kxh7 17. Bf4 Bd7 18. Rc1 Ba5 19. a3 Rf5 20. Kg2 Bb6
21. Nh3 Rc8 22. Nhg5+ Kg8 23. h4 Rff8 24. h5 Nd4 25. h6 gxh6 26. Rxh6 Rxc1 27.
Rg6+ Kh8 28. Bxc1 Nxf3 29. Nxf3 d4 30. Bh6 Rg8 31. Rf6 Bc6 32. Rxe6 d3 33. Rd6
Be4 34. Rd7 Rg6 35. Bd2 Kg8 36. Bc3 Kf8 37. Bb4+ Ke8 38. Re7+ Kd8 39. Rf7 Bd4
40. Rf4 Bxf3+ 41. Rxf3 Bxe5 42. Rxd3+ Kc7 43. Bc3 Bxc3 44. Rxc3+ Kd6 45. Re3
Kd5 46. Kf3 Rf6+ 47. Kg4 Rf2 48. b4 Kd4 49. Rf3 Ra2 50. Kf5 1-0

[Event "FRA Team Ch"]
[Site "EPINAL"]
[Date "2002.02.01"]
[Round "1.5"]
[White "Roos, Jean-Luc"]
[Black "Ward, Christopher"]
[Result "1/2-1/2"]
[WhiteElo "2302"]
[BlackElo "2486"]
[PlyCount "142"]
[EventDate "2002.02.??"]
[WhiteTeam "Strasbourg"]
[BlackTeam "Vandoeuvre"]

1. e4 c5 2. Nc3 Nc6 3. g3 g6 4. Bg2 Bg7 5. d3 d6 6. f4 e6 7. Nf3 Nge7 8. O-O
O-O 9. Be3 Rb8 10. Bf2 b5 11. e5 dxe5 12. fxe5 Nxe5 13. Nxe5 Bxe5 14. Bxc5 Bd4+
15. Bxd4 Qxd4+ 16. Kh1 Nf5 17. Rf4 Qg7 18. Qg1 e5 19. Rff1 Qh6 20. Qf2 Ne3 21.
Qd2 Kg7 22. Rfe1 Nxg2 23. Qxh6+ Kxh6 24. Kxg2 b4 25. Nd1 Bb7+ 26. Kg1 Rbc8 27.
Ne3 f5 28. Nc4 Bd5 29. Rxe5 Bxc4 30. dxc4 Rxc4 31. Rc1 Rfc8 32. Re2 R8c5 33.
Rd2 Ra5 34. Ra1 Rac5 35. Rc1 Kg5 36. Kg2 h5 37. h4+ Kh6 38. Kf3 f4 39. g4 hxg4+
40. Kxg4 Rf5 41. Kf3 Re5 42. Rd3 Kh5 43. b3 Rce4 44. Rg1 Re3+ 45. Rxe3 fxe3 46.
Ke2 Re6 47. Rd1 Rc6 48. Kxe3 Rxc2 49. Rd4 a5 50. Rd5+ Kxh4 51. Rxa5 g5 52. Ra4
g4 53. Rxb4 Rxa2 54. Rb8 Rb2 55. Kd4 g3 56. b4 g2 57. Rh8+ Kg3 58. Rg8+ Kf3 59.
Rf8+ Ke2 60. Rg8 Kf2 61. Kc5 Rc2+ 62. Kd6 Rb2 63. Kc5 Rb3 64. Rxg2+ Kxg2 65. b5
Kf3 66. b6 Ke4 67. Kc6 Ke5 68. b7 Ke6 69. Kc7 Rc3+ 70. Kd8 Rd3+ 71. Kc8 Rc3+
1/2-1/2

[Event "FRA Team Ch"]
[Site "EPINAL"]
[Date "2002.02.01"]
[Round "1.6"]
[White "Brunner, Nicolas"]
[Black "Herbrechtsmeier, Christof"]
[Result "1-0"]
[WhiteElo "2238"]
[BlackElo "2345"]
[PlyCount "61"]
[EventDate "2002.02.??"]
[WhiteTeam "Vandoeuvre"]
[BlackTeam "Strasbourg"]

1. d4 Nf6 2. c4 g6 3. Nc3 d5 4. cxd5 Nxd5 5. e4 Nxc3 6. bxc3 Bg7 7. Be3 c5 8.
Qd2 Qa5 9. Rb1 a6 10. Rc1 cxd4 11. cxd4 Qxd2+ 12. Kxd2 Nc6 13. d5 Ne5 14. Be2
f5 15. f4 Ng4 16. Bxg4 fxg4 17. Ne2 e6 18. d6 e5 19. Rc7 O-O 20. fxe5 Bxe5 21.
Bd4 Bxd4 22. Nxd4 Rf7 23. Rxf7 Kxf7 24. Rf1+ Ke8 25. e5 b5 26. e6 Bxe6 27. Nxe6
Kd7 28. Rf8 Rxf8 29. Nxf8+ Kxd6 30. Nxh7 Ke5 31. Nf8 1-0

[Event "FRA Team Ch"]
[Site "EPINAL"]
[Date "2002.02.01"]
[Round "1.7"]
[White "Roos, Louis"]
[Black "Wirig, Anthony"]
[Result "1/2-1/2"]
[WhiteElo "2351"]
[BlackElo "2304"]
[PlyCount "122"]
[EventDate "2002.02.??"]
[WhiteTeam "Strasbourg"]
[BlackTeam "Vandoeuvre"]

1. c4 c5 2. Nc3 g6 3. g3 Bg7 4. Bg2 Nc6 5. a3 a6 6. d3 d6 7. Bd2 Bd7 8. b4 cxb4
9. axb4 Rb8 10. b5 axb5 11. cxb5 Nd4 12. Rb1 Nf6 13. e3 Ne6 14. Nf3 Nc5 15. Qe2
O-O 16. O-O Ra8 17. Rfc1 Ra3 18. Be1 Bf5 19. e4 Bg4 20. h3 Bxf3 21. Qxf3 Nb3
22. Rd1 Nd4 23. Qe3 Nd7 24. Kh2 Nc5 25. Ne2 Nxe2 26. Qxe2 Ne6 27. Bb4 Nd4 28.
Qd2 Ra4 29. Bc3 Qb6 30. Rdc1 Rfa8 31. Bxd4 Bxd4 32. Rc2 R4a5 33. Qg5 Ra2 34.
Rbc1 Bf6 35. Qd5 Rxc2 36. Rxc2 Ra5 37. e5 Bxe5 38. Qxb7 Qxb7 39. Bxb7 Rxb5 40.
Bc6 Rb3 41. Rd2 Bd4 42. Kg2 Kg7 43. Kf3 e6 44. Ba4 Rb4 45. Bd1 Rb1 46. Be2 d5
47. Rc2 h6 48. Kg2 Kf6 49. Ra2 Re1 50. Bf3 Ke5 51. Re2+ Rxe2 52. Bxe2 Bc3 53.
Bd1 Kd4 54. Bc2 Bb4 55. Kf1 Kc3 56. Ba4 Kxd3 57. Be8 f6 58. Bxg6+ Kd2 59. Bf7
d4 60. Bxe6 d3 61. Bf5 Bc5 1/2-1/2

[Event "FRA Team Ch"]
[Site "EPINAL"]
[Date "2002.02.01"]
[Round "1.9"]
[White "Gras, Delphine"]
[Black "Klipper, Rebecca"]
[Result "0-1"]
[WhiteElo "1870"]
[BlackElo "2072"]
[PlyCount "50"]
[EventDate "2002.02.??"]
[WhiteTeam "Strasbourg"]
[BlackTeam "Vandoeuvre"]

1. e4 c5 2. Nf3 Nc6 3. d4 cxd4 4. Nxd4 g6 5. Nc3 Bg7 6. Be3 Nf6 7. Be2 O-O 8.
O-O d5 9. exd5 Nb4 10. Nb3 Nbxd5 11. Nxd5 Nxd5 12. Bd4 e5 13. Bc5 Re8 14. c3 b6
15. Ba3 Bb7 16. Bb5 Qg5 17. h4 Qxh4 18. Bxe8 Rxe8 19. f3 Nf4 20. Rf2 Ba6 21.
Qd7 Ra8 22. c4 Bxc4 23. Rc1 Nd3 24. Rfc2 Nxc1 25. Nxc1 Bh6 0-1

[Event "FRA Team Ch"]
[Site "MONTPELLIER"]
[Date "2002.02.02"]
[Round "2.1"]
[White "Arizmendi Martinez, Julen Luis"]
[Black "Shchekachev, Andrei"]
[Result "0-1"]
[WhiteElo "2497"]
[BlackElo "2573"]
[PlyCount "246"]
[EventDate "2002.02.??"]
[WhiteTeam "Toulouse"]
[BlackTeam "Montpellier"]

1. e4 c5 2. Nf3 d6 3. d4 cxd4 4. Nxd4 Nf6 5. Nc3 a6 6. Be3 e5 7. Nb3 Be6 8. f3
Be7 9. Nd5 Bxd5 10. exd5 O-O 11. Be2 Nbd7 12. c4 Ne8 13. O-O a5 14. Nd2 Bg5 15.
Bf2 f5 16. Nb1 Nc5 17. Nc3 b6 18. Bd3 g6 19. Bc2 h5 20. a3 Rc8 21. Qe2 Nf6 22.
b4 Ncd7 23. Nb5 Qe7 24. Na7 Ra8 25. Nc6 Qg7 26. bxa5 bxa5 27. Rab1 Rae8 28. Rb7
Rf7 29. Nxa5 e4 30. Bd4 Qh6 31. Nc6 exf3 32. Qxf3 Be3+ 33. Bxe3 Rxe3 34. Qf2
Rxa3 35. Nd8 Re7 36. Ne6 Ng4 37. Qd4 Qe3+ 38. Qxe3 Nxe3 39. Rf2 Ra1+ 40. Bb1
Nxc4 41. Ra2 Rxa2 42. Bxa2 Nce5 43. Bb3 Kf7 44. h4 Kf6 45. Ba4 Nf8 46. Rxe7
Kxe7 47. Nf4 Nh7 48. g3 Nf6 49. Kf2 Ne4+ 50. Kg2 Nc3 51. Bc6 Ne4 52. Ba4 Nf6
53. Kf2 Ng8 54. Ke3 Kf6 55. Be8 Kg7 56. Ne6+ Kh6 57. Kf2 Nf6 58. Bc6 Ne4+ 59.
Kg2 Nd3 60. Bb5 Ne1+ 61. Kg1 Nc3 62. Bc6 Nd3 63. Kg2 Ne5 64. Nf4 Ne4 65. Be8
Nf6 66. Bb5 Kg7 67. Ne6+ Kf7 68. Nf4 Ke7 69. Kf2 Kd8 70. Ba4 Kc7 71. Ke3 Kb6
72. Kd4 Ka5 73. Bc6 Kb4 74. Ne2 Kb3 75. Nc3 Nf3+ 76. Kd3 Kb4 77. Ne2 Kc5 78.
Nf4 Ne5+ 79. Ke3 Kc4 80. Bb7 Nfg4+ 81. Ke2 Kb4 82. Ne6 Kc3 83. Nc7 Kc4 84. Ne6
Nf6 85. Ke3 Nxd5+ 86. Bxd5+ Kxd5 87. Nc7+ Kc6 88. Ne6 Kd7 89. Nf4 Ke7 90. Kd4
Kf6 91. Nd5+ Kf7 92. Nf4 Ng4 93. Kd5 Nf6+ 94. Kxd6 Ne4+ 95. Ke5 Nxg3 96. Nh3
Ne4 97. Nf4 Nd2 98. Nh3 Nf3+ 99. Kf4 Nd4 100. Ng5+ Kf6 101. Nh7+ Ke7 102. Ke5
Nc6+ 103. Kd5 Nd8 104. Ke5 Nf7+ 105. Kd5 Nh6 106. Ke5 Ng4+ 107. Kf4 Nf6 108.
Ng5 Nd5+ 109. Ke5 Nc7 110. Nh7 Ne6 111. Nf6 Kf7 112. Nd5 Nc5 113. Kf4 Ke6 114.
Nc7+ Kd6 115. Nb5+ Ke7 116. Kg5 Kf7 117. Nd6+ Ke6 118. Ne8 Ne4+ 119. Kxg6 f4
120. Ng7+ Ke5 121. Nf5 Ng3 122. Nh6 f3 123. Nf7+ Kd5 0-1

[Event "FRA Team Ch"]
[Site "MONTPELLIER"]
[Date "2002.02.02"]
[Round "2.2"]
[White "Hamdouchi, Hichem"]
[Black "Bricard, Emmanuel"]
[Result "1/2-1/2"]
[WhiteElo "2522"]
[BlackElo "2443"]
[PlyCount "101"]
[EventDate "2002.02.??"]
[WhiteTeam "Montpellier"]
[BlackTeam "Toulouse"]

1. e4 g6 2. d4 Bg7 3. Nc3 d6 4. Be3 a6 5. Qd2 Nd7 6. h4 h6 7. O-O-O b5 8. f4 h5
9. Bd3 Nh6 10. Nf3 c6 11. f5 gxf5 12. exf5 Nf6 13. Bxh6 Bxh6 14. Ng5 Qb6 15.
Qf4 Kf8 16. Qf3 Qxd4 17. Bxb5 Qb6 18. Bxc6 Rb8 19. b3 Bxf5 20. Qxf5 Qxc6 21.
Nd5 Rb5 22. c4 Rxd5 23. Rxd5 Bxg5+ 24. hxg5 Nxd5 25. Rf1 f6 26. Qxd5 Qxd5 27.
cxd5 Rg8 28. gxf6 Rxg2 29. a4 Rg5 30. fxe7+ Kxe7 31. Rd1 h4 32. Kc2 h3 33. Kc3
Rg4 34. b4 Rh4 35. a5 Kf6 36. b5 axb5 37. a6 Ke5 38. Ra1 Rh8 39. a7 h2 40. Kb4
Kxd5 41. Kxb5 Ke4 42. Rh1 Ra8 43. Kb6 d5 44. Rxh2 d4 45. Kb7 Rxa7+ 46. Kxa7 d3
47. Kb6 Ke3 48. Rh3+ Ke2 49. Kc5 d2 50. Rh2+ Kd3 51. Rxd2+ 1/2-1/2

[Event "FRA Team Ch"]
[Site "MONTPELLIER"]
[Date "2002.02.02"]
[Round "2.3"]
[White "Oms Pallise, Josep"]
[Black "Prie, Eric"]
[Result "1/2-1/2"]
[WhiteElo "2424"]
[BlackElo "2497"]
[PlyCount "65"]
[EventDate "2002.02.??"]
[WhiteTeam "Toulouse"]
[BlackTeam "Montpellier"]

1. d4 d5 2. c4 c6 3. Nf3 Nf6 4. e3 a6 5. Nc3 b5 6. cxd5 cxd5 7. Ne2 e6 8. Nf4
Nbd7 9. Be2 Bd6 10. Nd3 O-O 11. Bd2 Ne4 12. O-O Bb7 13. a4 bxa4 14. Qxa4 Nxd2
15. Nxd2 e5 16. dxe5 Nxe5 17. Nxe5 Bxe5 18. Nf3 Bf6 19. Nd4 Qb6 20. Bg4 Bc8 21.
Be2 Rb8 22. Ra2 Qc5 23. Qd1 Rb4 24. Bxa6 Bxa6 25. Rxa6 Bxd4 26. exd4 Rxd4 27.
Ra5 Qb4 28. Rb5 Qc4 29. Qb3 Qxb3 30. Rxb3 Rd2 31. Re1 g6 32. g3 Rc8 33. Re7
1/2-1/2

[Event "FRA Team Ch"]
[Site "MONTPELLIER"]
[Date "2002.02.02"]
[Round "2.4"]
[White "Flear, Glenn C"]
[Black "Boyd, Stephen"]
[Result "1-0"]
[WhiteElo "2511"]
[BlackElo "2362"]
[PlyCount "39"]
[EventDate "2002.02.??"]
[WhiteTeam "Montpellier"]
[BlackTeam "Toulouse"]

1. d4 Nf6 2. c4 e6 3. Nc3 Bb4 4. Qc2 c5 5. dxc5 Na6 6. a3 Bxc3+ 7. Qxc3 Nxc5 8.
f3 d5 9. cxd5 b6 10. Bg5 O-O 11. Bxf6 gxf6 12. Rd1 exd5 13. e3 Be6 14. Ne2 Rc8
15. Nf4 Qe7 16. Nh5 Nd7 17. Qd4 Qc5 18. Qf4 d4 19. Qg3+ Qg5 20. Nxf6+ 1-0

[Event "FRA Team Ch"]
[Site "MONTPELLIER"]
[Date "2002.02.02"]
[Round "2.5"]
[White "Van Elst, Andreas"]
[Black "Boudre, Jean-Pierre"]
[Result "1-0"]
[WhiteElo "2298"]
[BlackElo "2384"]
[PlyCount "83"]
[EventDate "2002.02.??"]
[WhiteTeam "Toulouse"]
[BlackTeam "Montpellier"]

1. d4 d5 2. c4 c6 3. Nc3 Nf6 4. e3 e6 5. Nf3 Nbd7 6. Bd3 dxc4 7. Bxc4 b5 8. Bd3
Bb7 9. e4 b4 10. Na4 c5 11. e5 Nd5 12. O-O h6 13. Re1 a6 14. Bd2 g5 15. h3 cxd4
16. Nxd4 Bg7 17. Nf3 O-O 18. Rc1 Re8 19. Qe2 Qa5 20. b3 Rac8 21. Qe4 Nc5 22.
Nxc5 Rxc5 23. Rxc5 Qxc5 24. h4 gxh4 25. Qh7+ Kf8 26. Bxh6 Bxh6 27. Qxh6+ Ke7
28. Qxh4+ Kd7 29. Qh7 Qc3 30. Be4 Re7 31. Qh6 Bc6 32. Rc1 Qb2 33. Rc2 Qa1+ 34.
Kh2 Qd1 35. Rd2 Qa1 36. Qe3 Ke8 37. Qc5 Qc3 38. Qa5 f5 39. exf6 Qxf6 40. Qxa6
Qf4+ 41. Kg1 Qxe4 42. Qc8+ 1-0

[Event "FRA Team Ch"]
[Site "MONTPELLIER"]
[Date "2002.02.02"]
[Round "2.6"]
[White "Santo-Roman, Marc"]
[Black "Dimitrov, Christo"]
[Result "1-0"]
[WhiteElo "2413"]
[BlackElo "2212"]
[PlyCount "49"]
[EventDate "2002.02.??"]
[WhiteTeam "Montpellier"]
[BlackTeam "Toulouse"]

1. e4 e5 2. Nf3 Nc6 3. Bb5 Qe7 4. O-O Nd8 5. d4 c6 6. Ba4 d6 7. h3 g6 8. c4 Bg7
9. Nc3 f6 10. d5 Nh6 11. dxc6 bxc6 12. c5 Nhf7 13. Be3 Ba6 14. Re1 dxc5 15. Nd5
Qd6 16. Rc1 Ne6 17. b4 c4 18. Nd2 Kf8 19. Bc5 Nxc5 20. bxc5 Qxc5 21. Nc7 Ke7
22. Nxa6 Qb6 23. Rxc4 Qxa6 24. Rxc6 Qb7 25. Qc2 1-0

[Event "FRA Team Ch"]
[Site "MONTPELLIER"]
[Date "2002.02.02"]
[Round "2.7"]
[White "Vilaisarn, Akkhavanh"]
[Black "Letreguilly, Olivier"]
[Result "1/2-1/2"]
[WhiteElo "2170"]
[BlackElo "2306"]
[PlyCount "90"]
[EventDate "2002.02.??"]
[WhiteTeam "Toulouse"]
[BlackTeam "Montpellier"]

1. d4 Nf6 2. Nf3 d5 3. e3 g6 4. Bd3 Bg7 5. b3 O-O 6. Bb2 b6 7. Qe2 Bb7 8. O-O
Nbd7 9. Nbd2 e6 10. Rad1 Ne4 11. Ba6 Bxa6 12. Qxa6 Nxd2 13. Nxd2 c5 14. Ba3 Re8
15. dxc5 bxc5 16. c4 Qb6 17. Qa4 Ne5 18. cxd5 exd5 19. Bb2 Rad8 20. Bxe5 Bxe5
21. Nf3 Re6 22. Rd3 Bf6 23. Rfd1 Re4 24. Qa3 Qe6 25. h3 h5 26. Qa5 g5 27. Qd2
g4 28. hxg4 hxg4 29. Nh2 d4 30. exd4 Rdxd4 31. Nf1 Qd5 32. Ne3 Qh5 33. Rxd4
Bxd4 34. Nf1 Qh4 35. g3 Qe7 36. Qh6 Qe5 37. Kg2 Qf5 38. Rd2 Qf3+ 39. Kg1 Re1
40. Qg5+ Kf8 41. Qd8+ Re8 42. Qg5 Re7 43. b4 Re1 44. Qd8+ Kg7 45. Qg5+ Kf8
1/2-1/2

[Event "FRA Team Ch"]
[Site "MONTPELLIER"]
[Date "2002.02.02"]
[Round "2.8"]
[White "Sarthou, Gaetan"]
[Black "Laurain, Dominique"]
[Result "1/2-1/2"]
[WhiteElo "2369"]
[BlackElo "2107"]
[PlyCount "113"]
[EventDate "2002.02.??"]
[WhiteTeam "Montpellier"]
[BlackTeam "Toulouse"]

1. d4 Nf6 2. c4 g6 3. Nc3 d5 4. cxd5 Nxd5 5. e4 Nxc3 6. bxc3 Bg7 7. Bc4 O-O 8.
Ne2 c5 9. O-O Nc6 10. Be3 Qc7 11. Rc1 Na5 12. Bd3 Rd8 13. Qa4 b6 14. Rfd1 Bg4
15. f3 Bd7 16. Qa3 c4 17. Bc2 e6 18. Qe7 Nc6 19. Qh4 Rf8 20. Bg5 b5 21. e5 Nb8
22. Ng3 Bc6 23. Nh5 gxh5 24. Bxh7+ Kxh7 25. Qxh5+ Kg8 26. Qg4 f5 27. exf6 Bd5
28. Bf4 Qb7 29. Be5 Nc6 30. fxg7 Rf7 31. Qh3 Rxg7 32. Bxg7 Qxg7 33. Re1 Re8 34.
Re3 Re7 35. Rce1 Qf6 36. Qh5 Rg7 37. Qe8+ Kh7 38. Qh5+ Qh6 39. Qxh6+ Kxh6 40.
a3 a5 41. Kf2 b4 42. axb4 axb4 43. Rxe6+ Bxe6 44. Rxe6+ Rg6 45. Rxg6+ Kxg6 46.
d5 bxc3 47. Ke1 Nd4 48. Kd1 Kf5 49. h4 Ke5 50. h5 Nf5 51. g4 Ne3+ 52. Kc1 Nxd5
53. h6 Kf6 54. Kc2 Kg6 55. g5 Kh7 56. f4 Nxf4 57. Kxc3 1/2-1/2

[Event "FRA Team Ch"]
[Site "MONTPELLIER"]
[Date "2002.02.02"]
[Round "2.9"]
[White "Mourgues, Joelle"]
[Black "Milliet, Sophie"]
[Result "0-1"]
[WhiteElo "1770"]
[BlackElo "2165"]
[PlyCount "78"]
[EventDate "2002.02.??"]
[WhiteTeam "Toulouse"]
[BlackTeam "Montpellier"]

1. Nf3 c5 2. g3 d5 3. d3 Nf6 4. Bg2 g6 5. O-O Bg7 6. Nbd2 Nc6 7. e4 Qc7 8. c3
O-O 9. Re1 e5 10. Qc2 Rd8 11. Nf1 h6 12. Ne3 Be6 13. a3 dxe4 14. dxe4 c4 15.
Bd2 Na5 16. Rad1 Nb3 17. Re2 Nc5 18. Ne1 Bf8 19. h3 Kh7 20. Kh2 b5 21. Bc1 Rxd1
22. Nxd1 Nd3 23. Be3 Rd8 24. Qb1 Nxe1 25. Rxe1 a5 26. Qc2 Nd7 27. Rf1 Nc5 28.
f4 exf4 29. Bxf4 Bd6 30. Ne3 Nd3 31. Bxd6 Qxd6 32. Nd5 h5 33. Nf6+ Kg7 34. Nd5
h4 35. Qe2 Qxg3+ 36. Kh1 Bxh3 37. Qf3 Qxf3 38. Rxf3 Bxg2+ 39. Kxg2 Ne1+ 0-1

[Event "FRA Team Ch"]
[Site "MONTPELLIER"]
[Date "2002.02.02"]
[Round "2.1"]
[White "Magem Badals, Jordi"]
[Black "Dreev, Alexey"]
[Result "1/2-1/2"]
[WhiteElo "2502"]
[BlackElo "2683"]
[PlyCount "56"]
[EventDate "2002.02.??"]
[WhiteTeam "Orange"]
[BlackTeam "Nice"]

1. e4 c6 2. d4 d5 3. Nc3 dxe4 4. Nxe4 Bf5 5. Ng3 Bg6 6. h4 h6 7. Nf3 Nd7 8. h5
Bh7 9. Bd3 Bxd3 10. Qxd3 e6 11. Bf4 Ngf6 12. O-O-O Nd5 13. Bd2 Nb4 14. Qb3 a5
15. Kb1 a4 16. Qe3 Nd5 17. Qe2 b5 18. Ne5 Nxe5 19. dxe5 Qb6 20. Rh4 b4 21. Qf3
O-O-O 22. Rc1 Be7 23. Rc4 Qb5 24. b3 Rd7 25. Ne2 Bc5 26. Be3 Bxe3 27. fxe3 c5
28. c3 axb3 1/2-1/2

[Event "FRA Team Ch"]
[Site "MONTPELLIER"]
[Date "2002.02.02"]
[Round "2.2"]
[White "Delchev, Aleksander"]
[Black "Mellado Trivino, Juan"]
[Result "1/2-1/2"]
[WhiteElo "2591"]
[BlackElo "2447"]
[PlyCount "115"]
[EventDate "2002.02.??"]
[WhiteTeam "Nice"]
[BlackTeam "Orange"]

1. Nf3 f5 2. g3 Nf6 3. Bg2 g6 4. b3 Bg7 5. Bb2 O-O 6. O-O c6 7. c4 a5 8. Nc3 d5
9. Qc2 Kh8 10. cxd5 cxd5 11. Rac1 Nc6 12. Na4 Qd6 13. Qc5 Qxc5 14. Rxc5 e6 15.
d3 Nd7 16. Bxg7+ Kxg7 17. Rc2 Kf6 18. a3 g5 19. e3 g4 20. Nd2 Nde5 21. d4 Nf7
22. f4 gxf3 23. Nxf3 Nd6 24. Nc5 Ke7 25. Rfc1 Rd8 26. Bf1 Ne4 27. Bb5 Na7 28.
Bd3 Nc6 29. Na4 Bd7 30. Nb6 Rab8 31. Nxd7 Rxd7 32. Bb5 Rc7 33. Ne5 Rbc8 34.
Bxc6 Kd6 35. b4 axb4 36. axb4 bxc6 37. Kg2 c5 38. bxc5+ Nxc5 39. Kf3 Ne4 40.
Nf7+ Kd7 41. Rxc7+ Rxc7 42. Rxc7+ Kxc7 43. g4 fxg4+ 44. Kxg4 Kd7 45. Kh5 Nf6+
46. Kg5 Ke7 47. Ne5 Ng8 48. Ng4 Kf7 49. Nh6+ Nxh6 50. Kxh6 Kg8 51. Kg5 Kg7 52.
e4 dxe4 53. Kf4 Kf6 54. Kxe4 h6 55. Kf4 Kf7 56. Ke5 Ke7 57. h3 h5 58. h4
1/2-1/2

[Event "FRA Team Ch"]
[Site "MONTPELLIER"]
[Date "2002.02.02"]
[Round "2.3"]
[White "Narciso Dublan, Marc"]
[Black "Vaisser, Anatoly"]
[Result "1/2-1/2"]
[WhiteElo "2476"]
[BlackElo "2572"]
[PlyCount "24"]
[EventDate "2002.02.??"]
[WhiteTeam "Orange"]
[BlackTeam "Nice"]

1. d4 Nf6 2. c4 c5 3. d5 b5 4. cxb5 a6 5. bxa6 g6 6. Nc3 Bxa6 7. g3 d6 8. Bg2
Bg7 9. Nf3 Nbd7 10. Rb1 Nb6 11. b3 Bb7 12. Nh4 O-O 1/2-1/2

[Event "FRA Team Ch"]
[Site "MONTPELLIER"]
[Date "2002.02.02"]
[Round "2.4"]
[White "Leski, Marc"]
[Black "Lepelletier, Benoit"]
[Result "1/2-1/2"]
[WhiteElo "2421"]
[BlackElo "2444"]
[PlyCount "25"]
[EventDate "2002.02.??"]
[WhiteTeam "Nice"]
[BlackTeam "Orange"]

1. Nf3 Nf6 2. g3 d5 3. Bg2 c6 4. O-O Bg4 5. d4 Nbd7 6. Nbd2 e6 7. Re1 Be7 8. e4
O-O 9. c3 b5 10. a4 Nb6 11. axb5 cxb5 12. exd5 Nbxd5 13. Qb3 1/2-1/2

[Event "FRA Team Ch"]
[Site "MONTPELLIER"]
[Date "2002.02.02"]
[Round "2.5"]
[White "Gachon, Lionel"]
[Black "Sharif, Mehrshad"]
[Result "1/2-1/2"]
[WhiteElo "2239"]
[BlackElo "2476"]
[PlyCount "28"]
[EventDate "2002.02.??"]
[WhiteTeam "Orange"]
[BlackTeam "Nice"]

1. Nf3 d5 2. g3 Bg4 3. Bg2 Nd7 4. O-O c6 5. d3 Ngf6 6. Nbd2 e5 7. e4 Bd6 8. h3
Bh5 9. exd5 cxd5 10. c4 O-O 11. cxd5 Nxd5 12. Ne4 Be7 13. Qb3 N7b6 14. a4 Rb8
1/2-1/2

[Event "FRA Team Ch"]
[Site "MONTPELLIER"]
[Date "2002.02.02"]
[Round "2.6"]
[White "Caposciutti, Maurizio"]
[Black "Guadalpi, David"]
[Result "1/2-1/2"]
[WhiteElo "2353"]
[BlackElo "2315"]
[PlyCount "114"]
[EventDate "2002.02.??"]
[WhiteTeam "Nice"]
[BlackTeam "Orange"]

1. Nf3 g6 2. d4 Nf6 3. c4 Bg7 4. g3 O-O 5. Bg2 d6 6. O-O c6 7. Nc3 Qa5 8. h3
Nbd7 9. e4 e5 10. Re1 exd4 11. Nxd4 Ne5 12. Bf1 Re8 13. Be3 Be6 14. Nxe6 Rxe6
15. Kg2 Rae8 16. Qb3 Qc7 17. Rad1 b6 18. f3 h5 19. h4 Nfd7 20. Qc2 Qb7 21. Bf2
a6 22. Ne2 Rf6 23. Nf4 b5 24. Rd2 bxc4 25. Bxc4 Nxc4 26. Qxc4 Ne5 27. Qa4 Rb8
28. Red1 Kh7 29. b3 Bf8 30. Qd4 Qb5 31. Qc3 a5 32. Rd4 Ra8 33. R4d2 a4 34. b4
a3 35. Bd4 Ra4 36. Nd3 Re6 37. Bxe5 dxe5 38. Rb1 Bh6 39. Rdd1 Be3 40. Qc2 Rd6
41. Nxe5 Rxd1 42. Qxd1 Rxb4 43. Rxb4 Qxb4 44. Nxf7 Qc4 45. Ng5+ Bxg5 46. Qd7+
Kg8 47. hxg5 Qxa2+ 48. Kh3 Qf7 49. Qxc6 Qxf3 50. Qxg6+ Kf8 51. Qd6+ Kf7 52.
Qd5+ Kg7 53. Qe5+ Kg6 54. Qe6+ Kxg5 55. Qg8+ Kh6 56. Qh8+ Kg6 57. Qg8+ Kh6
1/2-1/2

[Event "FRA Team Ch"]
[Site "MONTPELLIER"]
[Date "2002.02.02"]
[Round "2.7"]
[White "Guidarelli, Laurent"]
[Black "Brochet, Philippe"]
[Result "1/2-1/2"]
[WhiteElo "2283"]
[BlackElo "2381"]
[PlyCount "31"]
[EventDate "2002.02.??"]
[WhiteTeam "Orange"]
[BlackTeam "Nice"]

1. e4 c5 2. Nc3 Nc6 3. Nf3 e5 4. Bc4 d6 5. d3 Be7 6. Nd2 Nf6 7. Nf1 Bg4 8. f3
Be6 9. Ne3 O-O 10. O-O Nd7 11. Ncd5 Nb6 12. Nxb6 axb6 13. c3 Bg5 14. Nd5 Bxc1
15. Qxc1 Kh8 16. Qd2 1/2-1/2